| 000 | 00456nam a22001697a 4500 | ||
|---|---|---|---|
| 005 | 20160119121515.0 | ||
| 008 | 160119b xxu||||| |||| 00| 0 eng d | ||
| 040 | _aLoreto College | ||
| 082 |
_a891.44 _bCHA |
||
| 100 |
_aChattopadhay, Sakti _qSakti Chattopadhay |
||
| 245 |
_aWeek and tourist guide _cSakti Chattopadhay |
||
| 260 |
_aKolkata _bGrantho Prakash _c1379 |
||
| 300 | _a136p. | ||
| 650 | _aBengali literature | ||
| 850 | _aLCLIB | ||
| 942 | _cBK | ||
| 999 |
_c40353 _d90832 |
||